Desarrollo del principio de oportunidad en justicia penal militar

Detalles Bibliográficos
Autor principal: Hernǹdez Castaǫ, Chrysthian Fernando
Formato: eBook
Lenguaje:español
Publicado: Bogot:̀ Editorial Acadm̌ica Espaǫla, 2019
Materias:
Acceso en línea:Acceso restringido

MARC

LEADER 00000nam a22000007a 4500
005 20191002232910.0
007 cr|||| |||
008 191002s2019 co |||||s|||| 00||0 spa d
020 |a 9783659048432 
035 |a 28952 
040 |a vLex 
090 |c 9686  |d 9686 
100 1 |a Hernǹdez Castaǫ, Chrysthian Fernando 
245 1 0 |a Desarrollo del principio de oportunidad en justicia penal militar  |h [Recurso electrn̤ico] /  |c Chrysthian Fernando Hernǹdez Castaǫ 
256 |a Servicio en ln̕ea 
260 |a Bogot:̀  |b Editorial Acadm̌ica Espaǫla,  |c 2019 
300 |a 1 recurso electrn̤ico 
500 |a El libro busca hacer un anl̀isis inicial del modelo de sistema penal acusatorio, al cual actualmente en Colombia obedecen tanto la justicia penal ordinaria como la justicia penal militar, con esto se pretende demostrar el objetivo y caracters̕ticas de dicho modelo, que conlleva a la aplicacin̤ del principio de oportunidad y evidenciar su necesidad. No puede desligarse el principio de oportunidad para la justicia castrense cuando el modelo que se utiliza es el sistema penal acusatorio. As ̕mismo, se revisan los cambios que ha sufrido la justicia penal militar en Colombia en los l︢timos aǫs y que llevaron a una aplicacin̤ inicial del principio de oportunidad, pero que posteriormente ante una decisin̤ de la Corte Constitucional de Colombia que el autor no comparte se elimina dicho principio y se hace entonces necesario determinar que otras herramientas puedan lograr los objetivos de un sistema penal acusatorio, como son celeridad y eficacia, evitando que todas las causas tengan que llegar a juicio. 
506 1 |a Disponible solo en los productos indicados  |d vLex Global  |d vLex Global (Academic Edition, excluding Law Schools)  |d vLex Global (U.S. Academic Edition, Law Schools)  |d vLex Global (U.S. Academic Edition, excluding Law Schools)  |d vLex Global (Academic Edition, Law Schools) 
650 0 4 |a Derecho Pb︢lico y Administrativo  |z Colombia 
740 0 |a vLex Libros (Servicio en ln̕ea) 
856 4 0 |u http://vlex.com/source/28952  |z Acceso restringido 
942 |c BOOK 
999 0 |a Public and Administrative Law